Libertad, constitución y derechos humanos (Registro nro. 22019)

Detalles MARC
000 -Cabecera
Campo de control interno 00810nam a2200253Ia 4500
005 - Fecha y hora del registro
control field 20260320113334.0
008 - Elementos de Longitud Fija
fixed length control field 260320s9999||||xx |||||||||||||| ||und||
041 ## - Idioma
Codigo Idioma ESP
082 ## - DEWEY y NOTACIÓN INTERNA
Dewey 342.211
Notación Interna F42
100 ## - AUTOR
Autor denominación Fernández Sessarego, Carlos,
Término de relación autor
245 #0 - TÍTULO DE MATERIAL BIBLIOGRÁFICO
Título Libertad, constitución y derechos humanos
Título paralelo
246 ## - TÍTULO TRADUCIDO
Título
Título paralelo
Autor
250 ## - EDICIÓN
Edición Primera edición
260 ## - CIUDAD, EDITORIAL, AÑO
Ciudad Lima :
Nombre de la Editorial San Marcos,
Año 2003
300 ## - DESCRIPCIÓN
N° Páginas 129 páginas :
Otros detalles
Dimensiones 21 cm.
Material Adicional
440 ## - MENCIÓN DE SERIE
Título de la Serie (Clásicos del derecho
Número de Serie ; volumen 1)
Volumen de Serie
650 ## - TEMAS
Temas Ciencias Sociales
653 ## - DESCRIPTORES
Lenguajes no controlado Derechos humanos; Libertad (Derecho)
654 ## - PROGRAMAS
Programa
700 ## - OTROS AUTORES
Otros autores Paredes Galván, Aníbal Jesús,
Títulos y otras palabras asociadas con el nombre editor
856 ## - URL - UBICACIÓN
URI/URL: Enlace exacto del recurso <a href="https://0u214nks6-y-https-app-vlex-com.itmsp.museknowledge.com/">https://0u214nks6-y-https-app-vlex-com.itmsp.museknowledge.com/</a>
Nota pública: Versión digital <a href="Véase además: Base de datos Vlex">Véase además: Base de datos Vlex</a>
942 ## - ELEMENTOS DE KOHA
Tipo de documento Libro
Nombre del creador Justo Noguera
Código de catalogador Margarita Torres
Esquema de clasificación Dewey Decimal Classification
Suppress in OPAC
Existencias
Codigo completo Registro Colección Copia número Disponibilidad Tipo de préstamo Biblioteca Actual Procedencia (Biblioteca) Ubicacón Fecha Ingreso Tipo de Adquisición Observación Date last seen Total checkouts Price effective from Tipo de Item Estado del Material Fuente de Clasificación Damaged status Withdrawn status
342.211 F42 1087129 Universidad Católica San Pablo 1 Disponible Disponible Víctor Andrés Belaunde Víctor Andrés Belaunde Primer piso 10/03/2026 Donación José Chávez 20/03/2026   20/03/2026 Libro Bueno Dewey Decimal Classification